000 01509cam a22003015a 4500
001 L142816
002 17313
008 080311s2008 xxk f 000 0 eng d
020 _a9781405140027
035 _a(Sirsi) u142816
041 0 _aeng
050 0 4 _a344.410465 $1 8
100 1 _aSummerhayes, Stuart
245 0 0 _aCDM Regulations 2007 procedures manual
_h[electronic resource]
250 _a3rd ed.
260 _aOxford
_bBlackwell Publishing
_c2008
300 _aeBook
505 2 _a1 Introduction -- -- 2 Application and interpretation -- 3 All duty holders -- 4 The client -- 5 The designer -- 6 The contractor -- 7 The CDM co-ordinator -- 8 The principal contractor -- 9 Documentation -- 10 Checklists and agendas
520 _aThe manual provides flow charts, checklists and sample documents for the use of those involved with the Construction (Design and Management) Regulations 2007, including clients, designers, principle contractors, other contractors and CDM co-ordinator. This edition is updated to take account of changes to the CDM Regulations 2007 and also takes account of the 2007 Approved Code of Practice.
520 _aSupersedes 2nd ed. (ISBN 1405107405).
521 _aAdvanced
590 _aKA
650 2 4 _aEBOOK
651 4 _aGreat Britain
_y1707-
690 _aBUILT ENVIRONMENT-CONSTRUCTION MANAGEMENT-CONSTRUCTION DESIGN AND MANAGEMENT
856 4 8 _uhttps://www.vlebooks.com/
_zView on VLEbooks. Logins for members only from [email protected]
942 _n0
999 _c107990
_d107990